000 00717nam a2200265 i 4500
001 C2-0336516
003 PPAK
005 20180728135423.0
008 160623s2016 my |||| ||||| | may d
020 _a9789674462277
040 _aPPAK
_beng
_cPPAK
_erda
082 0 4 _a899.233
_223
090 0 0 _a899.233
_bZUL
_dG
100 0 _aZulfati Hanis,
_eauthor
245 1 0 _aMy sweet tom girl
250 _aEdisi 1
264 1 _aShah Alam, Selangor :
_bGrup Buku Karangkraf ,
_c2016
300 _a636 pages ;
_c19 cm
336 _2rdacontent
_atext
337 _2rdamedia
_aunmediated
338 _2rdacarrier
_avolume
650 1 0 _aMalay fiction.
700 0 _aMohd Zuhaili Mat Junoh,
_eeditor
942 _ddc
_cB
999 _c134260
_d134260